000 00696nam a2200217 i 4500
001 135005
003 ES-MaACL
005 20230906194804.0
007 t|
008 070705s1967 sp ||||1| spa d
080 _a396(4/6-015)
100 1 _aTillion, Germaine.
_9110270
245 1 3 _aLa condición de la mujer en el área mediterránea /
_cGermaine Tillion ; [traducción de Agustina Fort y Carmen Huera].
250 _a[1ª ed.].
260 _a[Barcelona] :
_bPenínsula,
_c[1967]
300 _a211 p. ;
_c20 cm.
650 1 4 _aMujeres-
_zMediterráneo (Región)
_915302
700 1 _aFort, Agustina.
_951832
700 1 _aHuera, Carmen.
_964542
852 _aES-MaACL
_jC-34002
_bR.64925
999 _c135005
_d135005